000 00426nam a2200181Ia 4500
001 16675
005 20260306170327.0
008 260306t1988||||xx |||||||||||||| ||und||
041 _aESP
082 _a349.1
_bH46
100 _aHerrera Paulsen, Darío
_eAUT
245 0 _aDerecho romano:
_bcompendio
260 _c1988
300 _a311 páginas :
_c21cm.
650 _aGEN
654 _aCDE
942 _cLIB
_dJUS
_fJUS
_2ddc
_n
999 _c16675
_d16675